| 000 | 00499nam a2200181Ia 4500 | ||
|---|---|---|---|
| 008 | 240925s9999 xx 000 0 und d | ||
| 020 | _a9789339222161 | ||
| 082 | _a658.72 BEN | ||
| 100 | _aBenton, W. C. | ||
| 245 | 0 | _aPurchasing and Supply Chain Management | |
| 250 | _a2nd | ||
| 260 |
_aNew Delhi: _bMcGraw Hill Education (India) Private Limited _c,2015. |
||
| 300 |
_aVarious pages _b0 _fOriginal |
||
| 500 | _aIncludes Index | ||
| 600 | _aManagement | ||
| 650 | _aManagement | ||
| 942 | _cBK | ||
| 999 |
_c15451 _d15451 |
||